El Uso de los sistemas de información geográfica (SIG) en el análisis demográfico de situaciones de desastre /

El presente documento tiene dos objetivos fundamentales: aportar algunas reflexiones metodológicas sobre la aplicación de los Sistemas de Información Geográfica (SIG) al análisis demográfico de situaciones de desastres y mostrar sus resultados prácticos en el análisis de las inundaciones ocurridas e...

Full beskrivning

Sparad:
Bibliografiska uppgifter
Huvudupphovsman: Reyna, Angélica
Materialtyp: Text
Ämnen:
Taggar: Lägg till en tagg
Inga taggar, Lägg till första taggen!

MARC

LEADER 00000 a a2200000 04500
001 10360
003
040
100 |a Reyna, Angélica  
245 |a El Uso de los sistemas de información geográfica (SIG) en el análisis demográfico de situaciones de desastre /  |c Angélica Reyna 
520 |a El presente documento tiene dos objetivos fundamentales: aportar algunas reflexiones metodológicas sobre la aplicación de los Sistemas de Información Geográfica (SIG) al análisis demográfico de situaciones de desastres y mostrar sus resultados prácticos en el análisis de las inundaciones ocurridas en México en el año 1999  
650 |a SISTEMAS DE INFORMACION GEOGRAFICA  
650 |a ANALISIS DEMOGRAFICO  
650 |a DESASTRES  
650 |a GRUPOS VULNERABLES  
650 |a INUNDACIONES  
650 |a MEXICO  
773 |g volumen 32, número 81; páginas 129-162  
999 |c 39272  |d 39272